| 000 | 00879nam a22003017a 4500 | ||
|---|---|---|---|
| 003 | CHAP | ||
| 005 | 20220817042215.0 | ||
| 008 | 971013s1959 r 00010 d | ||
| 010 | _a37651 | ||
| 011 | _a38623 | ||
| 035 | _a42743 | ||
| 040 | _cCHAP | ||
| 090 | _aFolleto 481 | ||
| 110 | _aFAO | ||
| 245 | _aImplantación de un sistema común de clasificación de granos en Centroamérica y Panamá | ||
| 260 |
_a(s.l. : _bs.n.), _c1959 |
||
| 300 | _a21 p. | ||
| 490 | _aFAO/CAIS/59/2 | ||
| 590 |
_aBATCH-UPD _b10 _c20130110 _lUCH01 _h0131 |
||
| 590 |
_aBATCH-UPD _b10 _c20130110 _lUCH01 _h2116 |
||
| 590 |
_aCONVERSION _b10 _c20130109 _lUCH01 _h1321 |
||
| 650 | 1 | 4 |
_aCereales _xNormas de calidad. _921446 |
| 700 | 0 |
_aKassembaum, John C. _962780 |
|
| 830 | 0 |
_aFAO/CAIS/59/2 _939718 |
|
| 901 | _aBK | ||
| 942 | _cFOLL | ||
| 949 |
_aFolleto 481 _bBC _cFAO _d-98270 _eFAO1 _i42743 _si |
||
| 999 |
_c37651 _d37651 |
||